000 01175cam a22003011 4500
001 gs 60000280
003 DLC
005 20260227111409.0
008 780725s1959 aluab b 000 0 eng c
010 _ags 60000280
035 _a(OCoLC)4083503
040 _aU.S. Geol. Survey. Libr.
_cMiDW
_dOCoLC
_dDLC
042 _apremarc
050 0 0 _aQE81
_b.A17 no. 4
100 1 _aLaMoreaux, Philip E.
_q(Philip Elmer),
_d1920-
245 1 0 _aGeology and ground-water resources of Wilcox County, Alabama,
_cby P. E. LaMoreaux and L. D. Toulmin.
260 _aUniversity,
_c1959.
300 _aix, 280 p.
_billus., maps (part fold., 1 col.)
_c23 cm.
410 2 0 _aGeological Survey of Alabama
_tCounty report
_v4
500 _aPart of illustrative matter in pocket.
500 _a"Prepared by the United States Geological Survey in cooperation with the Geological Survey of Alabama."
504 _aBibliography: p. 149-163.
650 0 _aGeology
_zAlabama
_zWilcox County.
650 0 _aGroundwater
_zAlabama
_zWilcox County.
650 0 _aWater-supply
_zAlabama
_zWilcox County.
700 1 _aToulmin, Lyman Dorgan,
_d1904-
_ejoint author.
710 2 _aGeological Survey (U.S.)
999 _c29485
_d29485